Quiz à choix multiple - Animaux #2 - Statistiques

Statistiques générales
  • Ce quiz a été pris 482 fois
    474 depuis la dernière actualisation
  • Le résultat moyen est 12 sur 15
Statistiques - réponses
Question Réponse % Correct
Quel animal a une durée de vie maximale plus longue ? Corbeau
91%
Lequel de ces animaux a une carapace ? Crabe
91%
L'anguille est-elle un poisson ou un reptile ? Poisson
91%
Lequel de ces animaux est un tapir ?
90%
À quelle famille appartiennent les cerfs ? Cervidés
90%
Qui chasse le plus dans une troupe de lions ? Les Lionnes
90%
Les baleines ont-elles des branchies ? Non
84%
Une paramécie est-elle un animal ? Non
81%
Lequel de ces animaux est omnivore ? Raton laveur
76%
Combien d'yeux a une tarentule ? 8
67%
Qu'est ce qui est appelé "Shrimp" en Anglais ? Crevette
67%
Quel animal porte le nom scientifique Gallus gallus domesticus ? Le poulet
67%
Lequel de ces animaux a évolué pour chasser les cobras ? Mangouste
66%
Les manchots vivent-ils dans l'océan Arctique ? Non
53%
Dans lequel de ces pays peut-on voir un yak à l'état sauvage ? Chine
50%
Aucun quiz correspondant
Distribution des résultats
% des personnes avec chaque résultat
Percentile par nombre de réponses
Votre historique - résultats
Vous n’avez pas pris ce quiz depuis la dernière actualisation